LEADER 03998nam 22007095 450 001 996466329903316 005 20200706190701.0 010 $a3-030-21949-6 024 7 $a10.1007/978-3-030-21949-9 035 $a(CKB)4100000008347199 035 $a(DE-He213)978-3-030-21949-9 035 $a(MiAaPQ)EBC5924060 035 $a(PPN)236522299 035 $a(EXLCZ)994100000008347199 100 $a20190529d2019 u| 0 101 0 $aeng 135 $aurnn|008mamaa 181 $ctxt$2rdacontent 182 $cc$2rdamedia 183 $acr$2rdacarrier 200 10$aFunctional Imaging and Modeling of the Heart$b[electronic resource] $e10th International Conference, FIMH 2019, Bordeaux, France, June 6?8, 2019, Proceedings /$fedited by Yves Coudière, Valéry Ozenne, Edward Vigmond, Nejib Zemzemi 205 $a1st ed. 2019. 210 1$aCham :$cSpringer International Publishing :$cImprint: Springer,$d2019. 215 $a1 online resource (XVII, 435 p. 230 illus., 186 illus. in color.) 225 1 $aImage Processing, Computer Vision, Pattern Recognition, and Graphics ;$v11504 311 $a3-030-21948-8 320 $aIncludes bibliographical references and index. 327 $aElectrophysiology: Mapping and biophysical modelling -- Novel imaging tools and analysis methods for myocardial tissue characterization and remodeling -- Biomechanics: Modeling and tissue property measurements -- Advanced cardiac image analysis tools for diagnostic and interventions. 330 $aThis book constitutes the refereed proceedings of the 10th International Conference on Functional Imaging and Modeling of the Heart, held in Bordeaux, France, in June 2019. The 46 revised full papers were carefully reviewed and selected from 50 submissions. The focus of the papers is on following topics: Electrophysiology: mapping and biophysical modelling; Novel imaging tools and analysis methods for myocardial tissue characterization and remodeling; Biomechanics: modeling and tissue property measurements; Advanced cardiac image analysis tools for diagnostic and interventions. 410 0$aImage Processing, Computer Vision, Pattern Recognition, and Graphics ;$v11504 606 $aOptical data processing 606 $aComputer science?Mathematics 606 $aNumerical analysis 606 $aArtificial intelligence 606 $aComputer communication systems 606 $aImage Processing and Computer Vision$3https://scigraph.springernature.com/ontologies/product-market-codes/I22021 606 $aMath Applications in Computer Science$3https://scigraph.springernature.com/ontologies/product-market-codes/I17044 606 $aNumeric Computing$3https://scigraph.springernature.com/ontologies/product-market-codes/I1701X 606 $aArtificial Intelligence$3https://scigraph.springernature.com/ontologies/product-market-codes/I21000 606 $aComputer Communication Networks$3https://scigraph.springernature.com/ontologies/product-market-codes/I13022 615 0$aOptical data processing. 615 0$aComputer science?Mathematics. 615 0$aNumerical analysis. 615 0$aArtificial intelligence. 615 0$aComputer communication systems. 615 14$aImage Processing and Computer Vision. 615 24$aMath Applications in Computer Science. 615 24$aNumeric Computing. 615 24$aArtificial Intelligence. 615 24$aComputer Communication Networks. 676 $a611.12 702 $aCoudière$b Yves$4edt$4http://id.loc.gov/vocabulary/relators/edt 702 $aOzenne$b Valéry$4edt$4http://id.loc.gov/vocabulary/relators/edt 702 $aVigmond$b Edward$4edt$4http://id.loc.gov/vocabulary/relators/edt 702 $aZemzemi$b Nejib$4edt$4http://id.loc.gov/vocabulary/relators/edt 801 0$bMiAaPQ 801 1$bMiAaPQ 801 2$bMiAaPQ 906 $aBOOK 912 $a996466329903316 996 $aFunctional Imaging and Modeling of the Heart$9772220 997 $aUNISA LEADER 01289nam a22002891i 4500 001 991000657629707536 005 20021022134252.0 008 021022s1976 it |||||||||||||||||ita 035 $ab1203633x-39ule_inst 035 $aARCHE-012613$9ExL 040 $aDip.to Filologia Ling. e Lett.$bita$cA.t.i. Arché s.c.r.l. Pandora Sicilia s.r.l. 082 04$a155.4136 100 1 $aMammarella, Ermanno$0155846 245 14$aGli insegnanti e i linguaggi alternativi :$bla comunicazione non verbale nell'aggiornamento didattico /$cdi Ermanno Mammarella, Piero Sacchetto 260 $aMilano :$bEmme,$c[1976] 300 $a109 p. ;$c20 cm 440 3$aIl puntoemme ;$v52 650 4$aComunicazione non verbale 650 4$aLinguaggio infantile 700 1 $aSacchetto, Piero$eauthor$4http://id.loc.gov/vocabulary/relators/aut$0161971 907 $a.b1203633x$b02-04-14$c01-04-03 912 $a991000657629707536 945 $aLE008 L.L.I.D A IV 32$g1$i2008000456825$lle008$o-$pE0.00$q-$rl$s- $t0$u2$v1$w2$x0$y.i12327840$z01-04-03 945 $aLE022 MP 73 D 2$g1$i2022000074162$lle022$o-$pE0.00$q-$rl$s- $t0$u2$v1$w2$x0$y.i13258424$z16-04-04 996 $aInsegnanti e i linguaggi alternativi$91457650 997 $aUNISALENTO 998 $ale008$ale022$b01-04-03$cm$da $e-$fita$git $h4$i1